My New Canvas; (Record no. 207839)

MARC details
000 -LEADER
fixed length control field 00569nam a22001817a 4500
005 - DATE AND TIME OF LATEST TRANSACTION
control field 20241219123344.0
010 ## - LCCN (DPL NO)
LC control number B-761527
020 ## - INTERNATIONAL STANDARD BOOK NUMBER
International Standard Book Number 9789389552676
Terms of availability 200.00
035 ## - SYSTEM CONTROL NUMBER
System control number B-761527
037 ## - SOURCE OF ACQUISITION
Source of stock number/acquisition Gift
082 ## - DEWEY DECIMAL CLASSIFICATION NUMBER
Classification number 880
245 ## - TITLE STATEMENT
Title My New Canvas;
Remainder of title English at Your Fingertips /
260 ## - PUBLICATION, DISTRIBUTION, ETC. (IMPRINT)
Name of publisher, distributor, etc Pearson
Date of publication, distribution, etc 2021
Place of publication, distribution, etc Uttar Pradesh
270 ## - ADDRESS
Address 15th Floor, Tower-B, World Trade Tower, Plot No.1 Block C
City Uttar Pradesh
Postal code 201301
300 ## - PHYSICAL DESCRIPTION
Extent 116p.
Dimensions 22cm(pb)
942 ## - ADDED ENTRY ELEMENTS (KOHA)
Source of classification or shelving scheme Dewey Decimal Classification
Item type Children Books
Call number suffix MYN
Classification part 880
Holdings
Withdrawn status Lost status Not for loan Collection code Home library Current library Date acquired Source of acquisition Cost, normal purchase price Full call number Barcode Copy number Cost, replacement price Koha item type Public note
      Non-fiction Central Library Central Library 19/12/2024 Gift/19.12.24 200.00 MYN 880 B-761527 1 200.00 Children Books Gift

© Delhi Public Library
Hit Counter
free hit counter